<?xml version="1.0" encoding="UTF-8"?>
<record
    xmlns:xsi="http://www.w3.org/2001/XMLSchema-instance"
    xsi:schemaLocation="http://www.loc.gov/MARC21/slim http://www.loc.gov/standards/marcxml/schema/MARC21slim.xsd"
    xmlns="http://www.loc.gov/MARC21/slim">

  <leader>00582nam a2200205   4500</leader>
  <controlfield tag="005">20260225134457.0</controlfield>
  <controlfield tag="008">250917b        |||||||| |||| 00| 0 eng d</controlfield>
  <datafield tag="020" ind1=" " ind2=" ">
    <subfield code="a">9789350971413</subfield>
  </datafield>
  <datafield tag="041" ind1=" " ind2=" ">
    <subfield code="a">English</subfield>
  </datafield>
  <datafield tag="082" ind1=" " ind2=" ">
    <subfield code="a">372.6</subfield>
    <subfield code="b">RAI</subfield>
  </datafield>
  <datafield tag="100" ind1=" " ind2=" ">
    <subfield code="a">Rai Urmila</subfield>
  </datafield>
  <datafield tag="245" ind1=" " ind2=" ">
    <subfield code="a">Business Communication</subfield>
  </datafield>
  <datafield tag="260" ind1=" " ind2=" ">
    <subfield code="a">Mumbai</subfield>
    <subfield code="b">Himalaya Publishing House</subfield>
    <subfield code="c">2023</subfield>
  </datafield>
  <datafield tag="300" ind1=" " ind2=" ">
    <subfield code="a">426</subfield>
  </datafield>
  <datafield tag="365" ind1=" " ind2=" ">
    <subfield code="b">403.75</subfield>
    <subfield code="c">Rs.00</subfield>
  </datafield>
  <datafield tag="520" ind1=" " ind2=" ">
    <subfield code="a">Part I Communication Theory
Part II Oral Communication
Part III Written Communication
</subfield>
  </datafield>
  <datafield tag="650" ind1=" " ind2=" ">
    <subfield code="a">English Communication</subfield>
  </datafield>
  <datafield tag="700" ind1=" " ind2=" ">
    <subfield code="a">Rai S. M. </subfield>
  </datafield>
  <datafield tag="942" ind1=" " ind2=" ">
    <subfield code="c">BK</subfield>
  </datafield>
  <datafield tag="999" ind1=" " ind2=" ">
    <subfield code="c">367818</subfield>
    <subfield code="d">367818</subfield>
  </datafield>
  <datafield tag="952" ind1=" " ind2=" ">
    <subfield code="0">0</subfield>
    <subfield code="1">0</subfield>
    <subfield code="2">ddc</subfield>
    <subfield code="4">0</subfield>
    <subfield code="7">0</subfield>
    <subfield code="a">SOFT</subfield>
    <subfield code="b">SOFT</subfield>
    <subfield code="d">2025-09-12</subfield>
    <subfield code="e">Pragati Book Centre</subfield>
    <subfield code="g">403.75</subfield>
    <subfield code="i">19775</subfield>
    <subfield code="l">3</subfield>
    <subfield code="o">372.6 RAI</subfield>
    <subfield code="p">SOFT-BK-4612</subfield>
    <subfield code="r">2026-03-10 15:25:54</subfield>
    <subfield code="s">2026-02-25</subfield>
    <subfield code="t">15%</subfield>
    <subfield code="v">475.00</subfield>
    <subfield code="w">2025-09-12</subfield>
    <subfield code="y">BK</subfield>
  </datafield>
  <datafield tag="952" ind1=" " ind2=" ">
    <subfield code="0">0</subfield>
    <subfield code="1">0</subfield>
    <subfield code="2">ddc</subfield>
    <subfield code="4">0</subfield>
    <subfield code="7">0</subfield>
    <subfield code="a">SOFT</subfield>
    <subfield code="b">SOFT</subfield>
    <subfield code="d">2026-02-25</subfield>
    <subfield code="e">Pragati Book Centre</subfield>
    <subfield code="g">427.50</subfield>
    <subfield code="i">75719</subfield>
    <subfield code="l">0</subfield>
    <subfield code="o">372.6 RAI</subfield>
    <subfield code="p">SOFT-BK-4986</subfield>
    <subfield code="r">2026-02-25 13:43:14</subfield>
    <subfield code="t">10%</subfield>
    <subfield code="v">475.00</subfield>
    <subfield code="w">2026-02-24</subfield>
    <subfield code="y">BK</subfield>
  </datafield>
  <datafield tag="952" ind1=" " ind2=" ">
    <subfield code="0">0</subfield>
    <subfield code="1">0</subfield>
    <subfield code="2">ddc</subfield>
    <subfield code="4">0</subfield>
    <subfield code="7">0</subfield>
    <subfield code="a">SOFT</subfield>
    <subfield code="b">SOFT</subfield>
    <subfield code="d">2026-02-25</subfield>
    <subfield code="e">Pragati Book Centre</subfield>
    <subfield code="g">427.50</subfield>
    <subfield code="i">75719</subfield>
    <subfield code="l">0</subfield>
    <subfield code="o">372.6 RAI</subfield>
    <subfield code="p">SOFT-BK-4987</subfield>
    <subfield code="r">2026-02-25 13:43:14</subfield>
    <subfield code="t">10%</subfield>
    <subfield code="v">475.00</subfield>
    <subfield code="w">2026-02-24</subfield>
    <subfield code="y">BK</subfield>
  </datafield>
  <datafield tag="952" ind1=" " ind2=" ">
    <subfield code="0">0</subfield>
    <subfield code="1">0</subfield>
    <subfield code="2">ddc</subfield>
    <subfield code="4">0</subfield>
    <subfield code="7">0</subfield>
    <subfield code="a">SOFT</subfield>
    <subfield code="b">SOFT</subfield>
    <subfield code="d">2026-02-25</subfield>
    <subfield code="e">Pragati Book Centre</subfield>
    <subfield code="g">538.20</subfield>
    <subfield code="i">75719</subfield>
    <subfield code="l">0</subfield>
    <subfield code="o">372.6 RAI</subfield>
    <subfield code="p">SOFT-BK-4988</subfield>
    <subfield code="r">2026-02-25 13:43:00</subfield>
    <subfield code="t">10%</subfield>
    <subfield code="v">598.00</subfield>
    <subfield code="w">2026-02-24</subfield>
    <subfield code="y">BK</subfield>
  </datafield>
  <datafield tag="952" ind1=" " ind2=" ">
    <subfield code="0">0</subfield>
    <subfield code="1">0</subfield>
    <subfield code="2">ddc</subfield>
    <subfield code="4">0</subfield>
    <subfield code="7">0</subfield>
    <subfield code="a">SOFT</subfield>
    <subfield code="b">SOFT</subfield>
    <subfield code="d">2026-02-25</subfield>
    <subfield code="e">Pragati Book Centre</subfield>
    <subfield code="g">538.20</subfield>
    <subfield code="i">75719</subfield>
    <subfield code="l">0</subfield>
    <subfield code="o">372.6 RAI</subfield>
    <subfield code="p">SOFT-BK-4989</subfield>
    <subfield code="r">2026-02-25 13:43:00</subfield>
    <subfield code="t">10%</subfield>
    <subfield code="v">598.00</subfield>
    <subfield code="w">2026-02-24</subfield>
    <subfield code="y">BK</subfield>
  </datafield>
</record>
